Responses for Show #4167 - Tuesday, October 15, 2002

Contestants

[<< previous game]

Sarah White, a librarian from San Diego, California

Michan Connor, a graduate student originally from Sutton, Massachusetts

Henry Quillen, a teacher from Atlanta, Georgia (whose 1-day cash winnings total $12,601)

[next game >>]

Jeopardy! Round responses

WORLD GOVERNMENT
STUPID ANSWERS AT THE MOVIES
HALLS OF FAME
WHAT CENTURY ARE YOU LIVING IN?
BRITISH FASHION
4-LETTER "W"ORDS
    $200 16
Internal Revenue Service (IRS)

Sarah
    $200 8
The Rookie

Henry
    $200 3
inventors

Sarah
    $200 1
(Alex: Both generals in the Civil War.)

19th century

Michan
    $200 26
her wedding dress

Sarah
    $200 21
wily

Sarah
    $400 17
European Union

Henry
    $400 9
The Bodyguard

Henry
    $400 4
checkers

Henry
    $400 2
20th century

Sarah
    $400 27
hats

Henry
    $400 22
wart

Henry
    $600 18
Deputies

Henry
    $600 10
What Women Want

Michan
    $600 5
College Football Hall of Fame

Michan
    $600 13
16th century

Henry
    $600 28
trenchcoat

Henry
    $600 23
wild

Sarah
    $800 19
the king

Michan
    $800 11
Stanley & Iris

Michan
    $800 6
(Henry: What is Belmont?)

Saratoga

HenrySarah
    $800 14
(Sarah: What is the 16th century?)

17th century

HenrySarah
    $800 29
Kate Moss

Michan
    $800 24
wisp

Michan
    $1000 20
(Sarah: Who is Eva Peron?)

Isabel Peron

Sarah
Triple Stumper
    $1000 12
The Brothers McMullen

Henry
    $1000 7
ice hockey

Michan
    $1000 15
18th century

Henry
    $1000 30
the mod squad

Henry
    $1000 25
wane

Sarah

Scores at the first commercial break (after clue 15):

Henry Michan Sarah
$3,600 $3,200 $600

Scores at the end of the Jeopardy! Round:

Henry Michan Sarah
$7,000 $5,600 $1,800

Double Jeopardy! Round responses

ART
"ED"-UCATION
WHALE WATCHING
ACRONYMS
HELEN
OF TROY
    $400 6
Salvador Dali

Sarah
    $400 1
editor

Sarah
    $400 22
blowholes

Henry
    $400 11
black urban professional

Sarah
    $400 16
Helen Hunt

Henry
    $400 21
"The Iliad"

Sarah
    $800 7
Adam & Eve

Sarah
    $800 2
Edelweiss

Sarah
    $800 24
baleen

Henry
    $800 12
DARE (Drug Abuse Resistance Education)

Henry
    $800 17
Helen Gurley Brown

Michan
    $800 28
Paris

Henry
    $1200 8
Paul Gauguin

Henry
    $1200 3
Edmonton

Henry
    $1200 25
breaching

Michan
    $1200 13
AIDS

Michan
    $1200 18
Helen Reddy

Michan
    $1200 23
Priam

Sarah
    $1600 9
Albrecht Durer

Sarah
    $1600 4
Thomas Edison

Michan
    $1,500 26
ambergris

Michan
    $1600 14
information

Henry
    $3,000 19
(Michan: No idea.)

Airport

Michan
    $1600 29
Troilus and Cressida

Sarah
    $2000 10
Claes Oldenburg

Triple Stumper
    $2000 5
Gertrude Ederle

Sarah
    $2000 27
narwhal

Henry
    $2000 15
earnings

Sarah
    $2000 20
Helen Thomas

Michan
    $2000 30
Heinrich Schliemann

Sarah

Scores at the end of the Double Jeopardy! Round:

Henry Michan Sarah
$16,200 $12,100 $15,400

[wagering suggestions for these scores]

Final Jeopardy! Round responses

FIELDS OF SCIENCE
MichanWhat is aerodynamics?
$12,098
SarahWhat is aerodynamics?
$10,000
HenryWhat is aerodynamics?
$14,601
aerodynamics

Final scores:

Henry Michan Sarah
$30,801 $24,198 $25,400
2-day champion: $43,402 3rd place: $1,000 2nd place: $2,000

Game dynamics:

Coryat scores:

Henry Michan Sarah
$16,200 $15,200 $15,400
22 R
(including 1 DD),
1 W
15 R
(including 1 DD),
1 W
(including 1 DD)
20 R,
2 W

Combined Coryat: $46,800

[game clues] [game scores] [suggest correction]

Game tape date: 2002-06-26
The J! Archive is created by fans, for fans. Scraping, republication, monetization, and malicious use prohibited; this site may use cookies and collect identifying information. See terms. The Jeopardy! game show and all elements thereof, including but not limited to copyright and trademark thereto, are the property of Jeopardy Productions, Inc. and are protected under law. This website is not affiliated with, sponsored by, or operated by Jeopardy Productions, Inc. Join the discussion at JBoard.tv.